000 00502nam a2200193 a 4500
001 1772625971829
003 YourLibrary
005 20260304173724.0
008 260304s2008##################000#0#eng##
020 _a9781588265760
082 0 4 _a327.47
_bDEY
100 1 _aDeyermond, Ruth,
_eauthor.
245 1 0 _aSecurity and Sovereignty in the Former Soviet Union :
260 _c2008.
300 _a256 pages
650 0 _aHistory.
942 _cENGLISH
040 _aYourLibrary
_beng
_cYourLibrary
999 _c616903
_d616903